College Quizbowl Stats
College Quizbowl Stats
Circuits
Seasons
Sets
Records
Detailed Stats
About
Loading...
California (North)
Tossups
Bonuses
Players
Teams
Categories (Tossup)
Categories (Bonus)
Tyler Zhao
Georgia Tech C
Categories
Category
Powers
Gets
Negs
BBs
Points
Earliest Buzz
Avg. Buzz
First Buzzes
Top 3 Buzzes
BPA
PVF
History - European
0
3
0
3
30
124
128.00
0
3
0.00
0.00
Fine Arts - Painting and Sculpture
0
1
0
1
10
142
142.00
0
1
0.00
0.00
History - Other
0
1
0
0
10
106
106.00
0
1
0.00
0.00
History - World
0
0
0
0
0
0.00
0
0
0.00
0.00
Buzzes
Category
Answer
Value
Buzz Position
History - Other
Phoenicians
10
106
History - European
Palaiologos
10
124
History - European
Sardinia
10
129
History - European
Great Northern War
10
131
History - European
Francis I
0
133
History - World
Persian AND Russian Empires
0
142
Fine Arts - Painting and Sculpture
Anthony Van Dyck
10
142
Previous
1
Next